Rock-Paper-Scissors Multiple Choice Quiz Stats

 Plays Quiz Updated Jun 21, 2018

Score 0/40 Timer 01:00
0 Plays Today
Question Answer Wrong Answers
Rock ???
49.3%
???
0.5%
???
0.6%
Rock ???
49.2%
???
0.5%
???
0.6%
Rock ???
49.2%
???
0.4%
???
0.7%
Scissors ???
49%
???
0.7%
???
0.5%
Scissors ???
48.9%
???
0.7%
???
0.5%
Rock ???
48.9%
???
0.4%
???
0.7%
Scissors ???
48.9%
???
0.7%
???
0.5%
Rock ???
48.9%
???
0.4%
???
0.6%
Rock ???
48.8%
???
0.3%
???
0.7%
Rock ???
48.8%
???
0.4%
???
0.8%
Scissors ???
48.8%
???
0.8%
???
0.4%
Scissors ???
48.7%
???
0.8%
???
0.5%
Rock ???
48.7%
???
0.4%
???
0.8%
Rock ???
48.7%
???
0.4%
???
0.7%
Scissors ???
48.7%
???
0.9%
???
0.5%
Rock ???
48.7%
???
0.4%
???
0.7%
Rock ???
48.6%
???
0.3%
???
0.7%
Rock ???
48.6%
???
0.4%
???
0.7%
Scissors ???
48.6%
???
0.7%
???
0.5%
Scissors ???
48.6%
???
0.7%
???
0.4%
Scissors ???
48.5%
???
0.8%
???
0.5%
Paper ???
48.4%
???
1.1%
???
0.5%
Paper ???
48.4%
???
1.1%
???
0.4%
Scissors ???
48.3%
???
0.9%
???
0.6%
Scissors ???
48.3%
???
0.8%
???
0.4%
Paper ???
48.3%
???
1.1%
???
0.4%
Rock ???
48.2%
???
0.3%
???
0.8%
Paper ???
48.2%
???
1.2%
???
0.5%
Scissors ???
48.2%
???
0.8%
???
0.5%
Paper ???
48.2%
???
1.1%
???
0.5%
Scissors ???
48.2%
???
0.7%
???
0.5%
Paper ???
48.1%
???
1.1%
???
0.4%
Paper ???
48.1%
???
1.1%
???
0.4%
Paper ???
48.1%
???
1.3%
???
0.5%
Paper ???
48%
???
1.3%
???
0.5%
Paper ???
48%
???
1.3%
???
0.4%
Paper ???
48%
???
1.2%
???
0.5%
Scissors ???
47.9%
???
0.8%
???
0.5%
Paper ???
47.8%
???
1.3%
???
0.5%
Paper ???
47.6%
???
1.2%
???
0.4%

You're not logged in!

Compare scores with friends on all Sporcle quizzes.
OR
Log In

You Might Also Like...

Show Comments

Extras

Top Quizzes Today


Score Distribution

Your Account Isn't Verified!

In order to create a playlist on Sporcle, you need to verify the email address you used during registration. Go to your Sporcle Settings to finish the process.

Report this User

Report this user for behavior that violates our Community Guidelines.

Details: